[Event "Oberfranken-ch"]
[Site "Kronach"]
[Date "2025.03.08"]
[Round "6"]
[White "Mueller, Dirk"]
[Black "Moenius, Alexander"]
[Result "1-0"]
[WhiteElo "1883"]
[BlackElo "1974"]
[PlyCount "231"]
[EventDate "2025.03.06"]
[EventType "swiss"]
[EventRounds "7"]
[EventCountry "GER"]
[SourceTitle "CB13_2025"]
[SourceDate "2025.03.26"]
[SourceVersion "1"]
[SourceVersionDate "2025.03.26"]
[SourceQuality "1"]

1. c4 e6 2. Nc3 d5 3. e3 Nf6 4. Nf3 Bd6 5. d4 b6 6. cxd5 exd5 7. Bb5+ c6 8. Bd3 Bg4 9. Qc2 0-0 10. Ne5 Bc8 11. 0-0 c5 12. b3 Ba6 13. f4 cxd4 14. exd4 Bxd3 15. Qxd3 Bb4 16. Ne2 Ne4 17. a3 Bd6 18. f5 Nd7 19. Bb2 f6 20. Qb5 fxe5 21. Qxd5+ Kh8 22. Qxe4 exd4 23. Nxd4 Bc5 24. Kh1 Nf6 25. Qh4 Bxd4 26. Bxd4 Qd5 27. Rf3 Rad8 28. Bxf6 Rxf6 29. Raf1 Re8 30. h3 h6 31. Qa4 Ref8 32. Qxa7 Rxf5 33. Rxf5 Rxf5 34. Rxf5 Qxf5 35. Qxb6 Qf1+ 36. Qg1 Qd3 37. Qb6 Qf1+ 38. Kh2 Qf4+ 39. Kg1 Qc1+ 40. Kf2 Qxa3 41. b4 Qa2+ 42. Kg3 Qd5 43. Qc5 Qd8 44. b5 Qb8+ 45. Kf3 Qa8+ 46. Qc6 Qa3+ 47. Ke4 Qb2 48. Kf5 Qb3 49. b6 Qb1+ 50. Ke6 Kh7 51. Ke5 Qb2+ 52. Kd6 Qf6+ 53. Kc7 Qe7+ 54. Kc8 Qf8+ 55. Kb7 Qe7+ 56. Qc7 Qe4+ 57. Kb8 Qe8+ 58. Qc8 Qe5+ 59. Qc7 Qe8+ 60. Ka7 Qa4+ 61. Kb7 Qe4+ 62. Qc6 Qe7+ 63. Kb8 Qe5+ 64. Qc7 Qe8+ 65. Kb7 Qe4+ 66. Qc6 Qe7+ 67. Ka6 Qa3+ 68. Kb5 Qb3+ 69. Kc5 Qc3+ 70. Kd5 Qd3+ 71. Ke5 Qg3+ 72. Kd4 Qf2+ 73. Kd3 Qf1+ 74. Ke3 Qe1+ 75. Kf3 Qd1+ 76. Kg3 Qe1+ 77. Kh2 Qe5+ 78. g3 Qb2+ 79. Kg1 Qb1+ 80. Kf2 Qb2+ 81. Ke3 Qb3+ 82. Kf4 Qf7+ 83. Ke4 Qe7+ 84. Kf3 Qa3+ 85. Ke2 Qb2+ 86. Kd3 Qb1+ 87. Kc4 Qc2+ 88. Kb5 Qb3+ 89. Ka6 Qa3+ 90. Kb7 Qe7+ 91. Ka8 Qf8+ 92. Ka7 Qa3+ 93. Kb7 Qe7+ 94. Qc7 Qe4+ 95. Kc8 Qe8+ 96. Qd8 Qe6+ 97. Kc7 Qe5+ 98. Qd6 Qc3+ 99. Kb8 Qb3 100. b7 Qg8+ 101. Ka7 Qa2+ 102. Qa6 Qf2+ 103. Ka8 Qf3 104. Ka7 Qe3+ 105. Qb6 Qa3+ 106. Kb8 Qf8+ 107. Ka7 Qa3+ 108. Qa6 Qc5+ 109. Ka8 Qd5 110. Qa4 Qf3 111. Qa2 Qe4 112. Qa5 Qf3 113. g4 g6 114. h4 Qe4 115. h5 gxh5 116. Qf5+ 1-0

[Event "Oberfranken-ch"]
[Site "Kronach"]
[Date "2023.11.04"]
[Round "5"]
[White "Stierhof, Michael"]
[Black "Moenius, Alexander"]
[Result "1/2-1/2"]
[WhiteElo "2010"]
[BlackElo "1946"]
[PlyCount "31"]
[EventDate "2023.11.02"]
[EventType "swiss"]
[EventRounds "7"]
[EventCountry "GER"]
[SourceTitle "CBM 217 Extra"]
[Source "ChessBase"]
[SourceDate "2024.01.31"]
[SourceVersion "1"]
[SourceVersionDate "2024.01.31"]
[SourceQuality "1"]

1. Nf3 d5 2. g3 Nd7 3. d4 Nb6 4. Bg2 Nf6 5. 0-0 Bf5 6. Nbd2 e6 7. c4 c6 8. Qb3 dxc4 9. Nxc4 Nxc4 10. Qxc4 Qd5 11. Qc3 Be4 12. Bf4 Be7 13. Rfc1 0-0 14. Bf1 Rfd8 15. Bc7 Rd7 16. Be5 1/2-1/2

[Event "Oberfranken-ch"]
[Site "Kronach"]
[Date "2023.11.03"]
[Round "3"]
[White "Wunder, Horst"]
[Black "Moenius, Alexander"]
[Result "1/2-1/2"]
[WhiteElo "2087"]
[BlackElo "1946"]
[PlyCount "90"]
[EventDate "2023.11.02"]
[EventType "swiss"]
[EventRounds "7"]
[EventCountry "GER"]
[SourceTitle "CBM 217 Extra"]
[Source "ChessBase"]
[SourceDate "2024.01.31"]
[SourceVersion "1"]
[SourceVersionDate "2024.01.31"]
[SourceQuality "1"]

1. c4 e6 2. g3 d5 3. Bg2 a6 4. Nf3 dxc4 5. a4 Nc6 6. Na3 Na5 7. Qc2 Qd5 8. 0-0 Nf6 9. Rd1 Bb4 10. d3 cxd3 11. Rxd3 Qc5 12. Qd1 0-0 13. Bf4 Nd5 14. Rc1 Qe7 15. Bd2 Nc6 16. e4 Bxd2 17. Rxd2 Ndb4 18. e5 Nd5 19. Nc4 Rd8 20. Nd4 Nxd4 21. Rxd4 b6 22. Ne3 Bb7 23. Nxd5 Bxd5 24. Bxd5 Rxd5 25. Rxd5 exd5 26. Qxd5 Rd8 27. Qe4 h6 28. f4 Qd7 29. b3 Qd2 30. Rc2 Qd1+ 31. Kg2 Qb1 32. Qc4 c5 33. Re2 Rd4 34. Qxa6 Qxb3 35. Qc8+ Kh7 36. Qe8 Rxa4 37. f5 Ra2 38. Rxa2 Qxa2+ 39. Kf3 Qd5+ 40. Kf4 Qd4+ 41. Kf3 Qd3+ 42. Kf4 Qf1+ 43. Ke4 Qc4+ 44. Kf3 h5 45. e6 Qd3+ 1/2-1/2

[Event "Oberfranken-ch"]
[Site "Schney"]
[Date "2019.01.03"]
[Round "1"]
[White "Orendt, Robert"]
[Black "Moenius, Alexander"]
[Result "1/2-1/2"]
[WhiteElo "1561"]
[BlackElo "1853"]
[PlyCount "35"]
[EventDate "2019.01.03"]
[EventType "swiss"]
[EventRounds "7"]
[EventCountry "GER"]
[SourceTitle "CBM 188 Extra"]
[Source "ChessBase"]
[SourceDate "2019.02.28"]
[SourceVersion "1"]
[SourceVersionDate "2019.02.28"]
[SourceQuality "1"]

1. d4 Nf6 2. c4 e6 3. Nc3 Bb4 4. Bd2 0-0 5. Nf3 b6 6. e3 Bb7 7. Be2 d5 8. 0-0 Nbd7 9. a3 Be7 10. Rc1 c5 11. cxd5 Nxd5 12. Re1 Bf6 13. Nxd5 Bxd5 14. Bc3 Rc8 15. Bd3 cxd4 16. exd4 Bg5 17. Nxg5 Qxg5 18. Be4 1/2-1/2

[Event "Regionalliga Nord-West 1819"]
[Site "Bayern"]
[Date "2018.10.21"]
[Round "1.5"]
[White "Weck, Hans"]
[Black "Moenius, Alexander"]
[Result "0-1"]
[WhiteElo "1836"]
[BlackElo "1942"]
[PlyCount "82"]
[EventDate "2018.10.21"]
[EventType "team-tourn"]
[EventRounds "9"]
[EventCountry "GER"]
[SourceTitle "EXT 2022"]
[Source "ChessBase"]
[SourceDate "2021.10.06"]
[SourceVersion "1"]
[SourceVersionDate "2021.10.06"]
[SourceQuality "1"]
[WhiteTeam "Bad Neustadt"]
[BlackTeam "Hoechstadt/Aisch"]
[WhiteTeamCountry "GER"]
[BlackTeamCountry "GER"]

1. Nf3 d5 2. g3 Nc6 3. d4 Bf5 4. Bg2 e6 5. 0-0 h5 6. c4 Nb4 7. Na3 h4 8. Bg5 f6 9. Bd2 Nc6 10. cxd5 Qxd5 11. Ne5 Be4 12. Bxe4 Qxe4 13. Nxc6 Qxc6 14. Qc2 Qd7 15. Qg6+ Kd8 16. Bf4 Ne7 17. Qf7 Nd5 18. Qxd7+ Kxd7 19. Bd2 Bxa3 20. bxa3 f5 21. f3 hxg3 22. hxg3 Rh3 23. Kg2 Rah8 24. Rh1 Rxh1 25. Rxh1 Rxh1 26. Kxh1 Kc6 27. e4 fxe4 28. fxe4 Nf6 29. e5 Ne4 30. Bf4 Kd5 31. Kg2 Kxd4 32. Kf3 Kd3 33. Be3 a6 34. Kf4 c5 35. g4 c4 36. a4 b5 37. g5 g6 38. Bc1 b4 39. Kf3 b3 40. axb3 cxb3 41. Ba3 Nxg5+ 0-1

[Event "Oberfranken-ch"]
[Site "Schney"]
[Date "2018.01.04"]
[Round "4"]
[White "Moenius, Alexander"]
[Black "Horn, Alexander"]
[Result "1-0"]
[WhiteElo "1876"]
[BlackElo "1871"]
[PlyCount "91"]
[EventDate "2018.01.03"]
[EventType "swiss"]
[EventRounds "7"]
[EventCountry "GER"]
[SourceTitle "CBM 182 Extra"]
[Source "ChessBase"]
[SourceDate "2018.02.23"]
[SourceVersion "1"]
[SourceVersionDate "2018.02.23"]
[SourceQuality "1"]

1. d4 d5 2. Bf4 Nf6 3. e3 Bf5 4. c4 e6 5. Qb3 Qc8 6. Nc3 c5 7. Nf3 Be7 8. cxd5 0-0 9. dxe6 Bxe6 10. Bc4 Bxc4 11. Qxc4 cxd4 12. Qxc8 Rxc8 13. Nxd4 Bb4 14. Nde2 Nd5 15. Rc1 Nxf4 16. Nxf4 Nd7 17. Nfd5 Bf8 18. Ke2 Ne5 19. Nb5 Rc6 20. Rc3 a6 21. Nd4 Rd6 22. e4 b5 23. Rhc1 Nc4 24. b3 Ne5 25. Rc7 Rd7 26. Rxd7 Nxd7 27. Rc7 Ne5 28. Ne7+ Kh8 29. Nec6 Nxc6 30. Nxc6 f6 31. Ra7 Rxa7 32. Nxa7 Bc5 33. Nc6 b4 34. f3 Kg8 35. Kd3 Kf7 36. Kc4 Bd6 37. Nxb4 a5 38. Nc6 Bxh2 39. Nxa5 Bc7 40. Nc6 Ke6 41. a4 Kd7 42. Kd5 Bd6 43. b4 h5 44. b5 g6 45. b6 h4 46. b7 1-0

[Event "Oberfranken-ch"]
[Site "Schney"]
[Date "2018.01.04"]
[Round "3"]
[White "Moenius, Alexander"]
[Black "Stephan, Thanh Hai"]
[Result "1-0"]
[WhiteElo "1876"]
[BlackElo "1220"]
[PlyCount "29"]
[EventDate "2018.01.03"]
[EventType "swiss"]
[EventRounds "7"]
[EventCountry "GER"]
[SourceTitle "CBM 182 Extra"]
[Source "ChessBase"]
[SourceDate "2018.02.23"]
[SourceVersion "1"]
[SourceVersionDate "2018.02.23"]
[SourceQuality "1"]

1. e4 e5 2. f4 exf4 3. Nf3 d5 4. exd5 Nf6 5. Bc4 Bc5 6. d4 Qe7+ 7. Qe2 Qxe2+ 8. Bxe2 Bb6 9. c4 Ne4 10. Bxf4 c5 11. Nbd2 Bf5 12. Nxe4 Bxe4 13. 0-0-0 0-0 14. Bd3 f5 15. Bd6 1-0

[Event "Bayernliga U20 1617"]
[Site "Bayern"]
[Date "2017.03.11"]
[Round "7.1"]
[White "Leeb, Simon"]
[Black "Moenius, Alexander"]
[Result "1-0"]
[WhiteElo "2110"]
[BlackElo "1886"]
[PlyCount "41"]
[EventDate "2016.11.12"]
[EventType "team-tourn"]
[EventRounds "7"]
[EventCountry "GER"]
[SourceTitle "EXT 2022"]
[Source "ChessBase"]
[SourceDate "2021.10.06"]
[SourceVersion "1"]
[SourceVersionDate "2021.10.06"]
[SourceQuality "1"]
[WhiteTeam "Muenchen SO SK U20"]
[BlackTeam "Hoechstadt SC U20"]
[WhiteTeamCountry "GER"]
[BlackTeamCountry "GER"]

1. d4 Nf6 2. c4 e5 3. dxe5 Ng4 4. Bf4 g5 5. Bg3 Bg7 6. Nf3 Nc6 7. Nc3 Ngxe5 8. Nxe5 Nxe5 9. e3 0-0 10. Be2 d6 11. Qb3 Be6 12. 0-0 Rb8 13. Qa4 a6 14. Rad1 Nxc4 15. Bxc4 b5 16. Nxb5 axb5 17. Bxb5 Ra8 18. Qe4 d5 19. Qb1 Rb8 20. a4 Rb6 21. Rc1 1-0

[Event "Bayernliga U20 1617"]
[Site "Bayern"]
[Date "2017.01.21"]
[Round "4.2"]
[White "Brueckner, Alexander"]
[Black "Moenius, Alexander"]
[Result "1/2-1/2"]
[WhiteElo "1850"]
[BlackElo "1886"]
[PlyCount "30"]
[EventDate "2016.11.12"]
[EventType "team-tourn"]
[EventRounds "7"]
[EventCountry "GER"]
[SourceTitle "EXT 2022"]
[Source "ChessBase"]
[SourceDate "2021.10.06"]
[SourceVersion "1"]
[SourceVersionDate "2021.10.06"]
[SourceQuality "1"]
[WhiteTeam "Augsburg SF U20"]
[BlackTeam "Hoechstadt SC U20"]
[WhiteTeamCountry "GER"]
[BlackTeamCountry "GER"]

1. e4 c5 2. Nc3 a6 3. g3 b5 4. Bg2 Bb7 5. d3 g6 6. Be3 d6 7. Qd2 Bg7 8. a3 Nc6 9. Rb1 Nf6 10. Bh6 0-0 11. h4 Ng4 12. Bxg7 Kxg7 13. h5 Rh8 14. h6+ Kg8 15. f3 Nf6 1/2-1/2

[Event "Forchheim op-B 15th"]
[Site "Forchheim"]
[Date "2016.10.01"]
[Round "1"]
[White "Moenius, Alexander"]
[Black "Obernoeder, Thomas"]
[Result "1-0"]
[WhiteElo "1893"]
[BlackElo "1767"]
[PlyCount "83"]
[EventDate "2016.10.01"]
[EventType "swiss"]
[EventRounds "5"]
[EventCountry "GER"]
[SourceTitle "EXT 2019"]
[Source "ChessBase"]
[SourceDate "2018.10.10"]
[SourceVersion "1"]
[SourceVersionDate "2018.10.10"]
[SourceQuality "1"]

1. d4 Nf6 2. c4 e6 3. Nf3 b6 4. Bg5 Bb7 5. e3 d5 6. cxd5 Qxd5 7. Nc3 Bb4 8. Qa4+ Nc6 9. Bb5 Bxc3+ 10. bxc3 0-0 11. Bxf6 gxf6 12. Ba6 Bxa6 13. Qxa6 Na5 14. 0-0 Kh8 15. Qe2 Rg8 16. g3 c5 17. Nd2 cxd4 18. cxd4 Rac8 19. Rfb1 Rc2 20. Qd3 Rgc8 21. Ne4 f5 22. Ng5 Kg8 23. e4 fxe4 24. Nxe4 Qf5 25. Rb5 Rxa2 26. Nf6+ Kg7 27. Qxf5 exf5 28. Rxf5 Ra4 29. Re1 Nc6 30. Rf3 Nd8 31. Re7 Rc6 32. Nh5+ Kg6 33. Nf4+ Kg7 34. Rxa7 Ra1+ 35. Kg2 Rcc1 36. Rfa3 Ra2 37. Nh5+ Kg6 38. Nf4+ Kg7 39. Ra8 Rca1 40. R3a7 Nc6 41. Ne6+ Kg6 42. Rxf7 1-0

[Event "Regionalliga NW 1516"]
[Site "Bayern"]
[Date "2016.04.10"]
[Round "9.5"]
[White "Moenius, Alexander"]
[Black "Strobel, Walter"]
[Result "1/2-1/2"]
[WhiteElo "1850"]
[BlackElo "2035"]
[PlyCount "115"]
[EventDate "2015.10.11"]
[EventType "team-tourn"]
[EventRounds "9"]
[EventCountry "GER"]
[SourceTitle "EXT 2018"]
[Source "ChessBase"]
[SourceDate "2017.10.13"]
[SourceVersion "1"]
[SourceVersionDate "2017.10.13"]
[SourceQuality "1"]
[WhiteTeam "Hoechstadt/Aisch"]
[BlackTeam "Klingenberg"]
[WhiteTeamCountry "GER"]
[BlackTeamCountry "GER"]

1. d4 d5 2. c4 c6 3. cxd5 cxd5 4. Nc3 Nf6 5. Bf4 Nc6 6. Nf3 e6 7. e3 a6 8. Bd3 Be7 9. h3 Bd7 10. 0-0 0-0 11. Rc1 Rc8 12. a3 Na5 13. Ne5 Nc4 14. Nxc4 dxc4 15. Be2 Qb6 16. Rb1 Rfd8 17. Bf3 Bc6 18. Bxc6 Qxc6 19. Qe2 b5 20. Rfc1 Nd5 21. Be5 f6 22. Bg3 Bf8 23. Qf3 Nxc3 24. Rxc3 Qxf3 25. gxf3 Kf7 26. Kf1 h6 27. Ke2 Rc6 28. f4 f5 29. f3 Bd6 30. Be1 g5 31. fxg5 hxg5 32. Bf2 Rh8 33. Rg1 Be7 34. Rh1 Rcc8 35. Bg3 Bf6 36. Rc2 Rcd8 37. Rd2 Kg6 38. f4 g4 39. Ke1 Rxh3 40. Rxh3 gxh3 41. Rh2 Rh8 42. Ke2 Be7 43. Be1 Kf7 44. Kf3 Ke8 45. Bc3 Bf6 46. Kg3 Bh4+ 47. Kf3 Bf6 48. Kg3 Kd7 49. Rxh3 Rxh3+ 50. Kxh3 Kd6 51. Kg3 Kd5 52. Kf3 Bd8 53. Bb4 a5 54. Bc3 Kc6 55. e4 Bb6 56. Ke3 Bc7 57. Bd2 Bb6 58. Bc3 1/2-1/2